Economía desde el corazón : (Registro nro. 5314)
[ vista simple ]
| 000 -LEADER | |
|---|---|
| fixed length control field | 01217nam a2200289Ia 4500 |
| 003 - CONTROL NUMBER IDENTIFIER | |
| control field | OSt |
| 005 - DATE AND TIME OF LATEST TRANSACTION | |
| control field | 20200527131701.0 |
| 008 - FIXED-LENGTH DATA ELEMENTS--GENERAL INFORMATION | |
| fixed length control field | 191128s9999 xx 000 0 und d |
| 020 ## - INTERNATIONAL STANDARD BOOK NUMBER | |
| International Standard Book Number | 8475306640 |
| 040 ## - CATALOGING SOURCE | |
| Original cataloging agency | CO-JMCR |
| Transcribing agency | CO-JMCR |
| 041 1# - LANGUAGE CODE | |
| Language code of text/sound track or separate title | spa |
| Language code of original | eng |
| 082 04 - DEWEY DECIMAL CLASSIFICATION NUMBER | |
| Classification number | 330 / |
| Item number | S187e1 |
| Edition number | 23 |
| 100 1# - MAIN ENTRY--PERSONAL NAME | |
| Personal name | Samuelson, Paul A., |
| Relator term | autor |
| 9 (RLIN) | 1065 |
| 245 10 - TITLE STATEMENT | |
| Title | Economía desde el corazón : |
| Remainder of title | un muestrario de Samuelson / |
| Statement of responsibility, etc. | Paul A. Samuelson ; recopilación y notas introductorias por Maryann O. Keating |
| 260 ## - PUBLICATION, DISTRIBUTION, ETC. | |
| Place of publication, distribution, etc. | Barcelona : |
| Name of publisher, distributor, etc. | Orbis, impresió, |
| Date of publication, distribution, etc. | 1988 |
| 300 ## - PHYSICAL DESCRIPTION | |
| Extent | 250 páginas ; |
| Dimensions | 20 cm. |
| 490 0# - SERIES STATEMENT | |
| Series statement | Biblioteca de economía ; |
| Volume/sequential designation | 9 |
| 505 0# - FORMATTED CONTENTS NOTE | |
| Formatted contents note | Esperanzas realistas respecto a la economía y a la democracia -- Elecciones difíciles para mantener el crecimiento -- Los méritos del mercado -- Renta y riqueza -- Claves de la prosperidad económica en Estados Unidos y en el extranjero |
| 534 ## - ORIGINAL VERSION NOTE | |
| Introductory phrase | Economics from the hearth: a samuelson sampler |
| 546 ## - LANGUAGE NOTE | |
| Language note | Traducido del inglés |
| 650 14 - SUBJECT ADDED ENTRY--TOPICAL TERM | |
| Topical term or geographic name entry element | Economía y democracia |
| 9 (RLIN) | 4747 |
| 650 14 - SUBJECT ADDED ENTRY--TOPICAL TERM | |
| Topical term or geographic name entry element | Economía |
| 9 (RLIN) | 4748 |
| 650 14 - SUBJECT ADDED ENTRY--TOPICAL TERM | |
| Topical term or geographic name entry element | Política fiscal |
| 9 (RLIN) | 4749 |
| 650 14 - SUBJECT ADDED ENTRY--TOPICAL TERM | |
| Topical term or geographic name entry element | Política monetaria |
| 9 (RLIN) | 2242 |
| 700 1# - ADDED ENTRY--PERSONAL NAME | |
| Personal name | Keating, Maryann O., recopiladora |
| 9 (RLIN) | 4750 |
| 942 ## - ADDED ENTRY ELEMENTS (KOHA) | |
| Source of classification or shelving scheme | Dewey Decimal Classification |
| Koha item type | Books |
| Withdrawn status | Lost status | Source of classification or shelving scheme | Damaged status | Not for loan | Collection code | Home library | Current library | Date acquired | Source of acquisition | Cost, normal purchase price | Total Checkouts | Full call number | Barcode | Date last seen | Copy number | Koha item type |
|---|---|---|---|---|---|---|---|---|---|---|---|---|---|---|---|---|
| Dewey Decimal Classification | Non-fiction | Biblioteca Pública José María del Castillo y Rada | Biblioteca Pública José María del Castillo y Rada | 04/15/2018 | Donación | 0.00 | 330 / S187e1 | 430001702 | 05/16/2024 | Ej.1 | Books |